Конструктивный подход к инженерно-производственной подготовке студентов в интегрированной системе образования; Инновационные технологии и экономика в машиностроении

Dettagli Bibliografici
Parent link:Инновационные технологии и экономика в машиностроении.— 2007.— С. 460-463
Altri autori: Торосян В. Ф. Вера Фёдоровна, Чинахов Д. А. Дмитрий Анатольевич, Тищенкова А. В. Анна Владимировна, Кордлян Г. В.
Lingua:russo
Pubblicazione: 2007
Soggetti:
Natura: Capitolo di libro
KOHA link:https://koha.lib.tpu.ru/cgi-bin/koha/opac-detail.pl?biblionumber=136016

MARC

LEADER 00000naa2a2200000 4500
001 136016
005 20231101220606.0
035 |a (RuTPU)RU\TPU\book\147407 
090 |a 136016 
100 |a 20080417d2007 k y0rusy50 ca 
101 0 |a rus 
102 |a RU 
200 1 |a Конструктивный подход к инженерно-производственной подготовке студентов в интегрированной системе образования  |f В. Ф. Торосян [и др.] 
320 |a Библиогр.: 3 назв. 
463 0 |0 (RuTPU)RU\TPU\book\136479  |t Инновационные технологии и экономика в машиностроении  |o V Всероссийская научно-практическая конференция с международным участием, г. Юрга 14-15 сентября 2007 г.  |o труды  |f Томский политехнический университет (ТПУ) ; Юргинский технологический институт (филиал) ; под ред. Д. А. Чинахова  |v С. 460-463  |d 2007  |p 558 с. 
610 1 |a студенты 
610 1 |a производственная подготовка 
610 1 |a инженерно-производственная подготовка 
610 1 |a техническое образование 
610 1 |a образование 
610 1 |a интегрированная система 
610 1 |a труды учёных ТПУ 
610 1 |a системы 
701 1 |a Торосян  |b В. Ф.  |c специалист в области экологии и безопасности жизнедеятельности  |c доцент Юргинского технологического института (филиала) Томского политехнического университета, кандидат педагогических наук  |f 1956-  |g Вера Фёдоровна  |2 stltpush  |3 (RuTPU)RU\TPU\pers\24283  |9 10749 
701 1 |a Чинахов  |b Д. А.  |c специалист в области сварочного производства  |c доцент Юргинского технологического института (филиала) Томского политехнического университета  |f 1973-  |g Дмитрий Анатольевич  |2 stltpush  |3 (RuTPU)RU\TPU\pers\24212  |9 10706 
701 1 |a Тищенкова  |b А. В.  |c математик  |c старший преподаватель Юргинского технологического института (филиала) Томского политехнического университета  |f 1975-  |g Анна Владимировна  |2 stltpush  |3 (RuTPU)RU\TPU\pers\24530  |9 10840 
701 1 |a Кордлян  |b Г. В. 
801 1 |a RU  |b 63413507  |c 20080417  |g PSBO 
801 2 |a RU  |b 63413507  |c 20160805  |g RCR 
942 |c BK